Quizzes
Events
Quiz Creation
Community
Videos
Private Events
Remove Ads
Sign In
Join for FREE
Feedback
Dark Mode
Quiz Categories
Sports
Geography
Music
Movies
Television
Just For Fun
Miscellaneous
History
Literature
Language
Science
Gaming
Entertainment
Religion
Holiday
For Kids
Quiz Lab
Recent
Popular Today
Quiz Kudos Today
Editor Picks
Curator Picks
Quizzes by...
Day
Popularity
Type
Ratings
Length
Year
Community
Subscriptions
Recent Discussions
Orange Saloon
Badges
Playlists
Quests
Create
Leaderboards
Showdown
Live 5
Trivia Bingo
Activity
Puzzle Library
Sporcle Events
Private Events
Virtual Trivia
Globe League
Become a Host
Pub Owners
SporcleCon
Opinionation
Our Games
Videos
Blog
Mobile Apps
Partnerships
Remove Ads and Go Orange
Feedback
Entertainment
Celebrity
Famous
Musical
Broadway
Show
Quote
Comic Books
Anime
Superhero
DC Comics
Marvel
Cartoons
Animation
Entertainment
Celebrity
Famous
Musical
Broadway
Show
Quote
Comic Books
Anime
Superhero
DC Comics
Marvel
Cartoons
Animation
Random Quiz
Search Sporcle
×
Quiz Lab
Quiz Lab
Entertainment
Identity
Type in answers that appear in a list
Type in answers that appear in a list
Classic
Best Score? Go Orange.
X-men's Secret Identities Stats
Can you name the X-men's Secret Identities?
By
mcmbasketballb
8m
30 Questions
845 Plays
845 Plays
845 Plays
Comments
Comments
Give Quiz Kudos
Give Quiz Kudos
-
- Ratings
hide this ad
Replay
Link that replays current quiz
Next Quiz
Link to next quiz in quiz playlist
You Got
0%
They Got
Avg Score
65%
Avg Friend Score
Upgrade to see
Score Distribution
Jump to the score distribution portion of the page
Score
0/30
Timer
08:00
0
Plays Today
X-men
Secret Identity
% Correct
Professor X
Charles Xavier
97.4%
Cyclops
Scott Summers
97.2%
Phoenix
Jean Grey
96.2%
Wolverine
James Howlett
92.5%
Iceman
Bobby Drake
89.8%
Beast
Dr. Hank McCoy
89.7%
Angel/
Archangel
Warren Worthington III
83.6%
Nightcrawler
Kurt Wagner
83.6%
Havok
Alex Summers
81.9%
Shadowcat
Kitty Pryde
80.7%
White Queen
Emma Frost
79.9%
Gambit
Remy LeBeau
75.5%
Storm
Ororo Munroe
71.4%
Cable
Nathan Summers
71.4%
Colossus
Piotr Rasputin
68.6%
X-men
Secret Identity
% Correct
Jubilee
Jubilation Lee
65.2%
Rogue
Anna Marie
63%
X-
Man
Nate Grey
59.6%
Banshee
Sean Cassidy
59.5%
Psylocke
Elizabeth Braddock
54.1%
Multiple Man
Jamie Madrox
54%
Bishop
Lucas Bishop
47.7%
Cannonball
Sam Guthrie
46.1%
Thunderbird
John Proudstar
44.9%
Warpath
James Proudstar
44.4%
Wolfsbane
Rahne Sinclair
39.1%
Dazzler
Alison Blaire
39%
Mirage
Danielle Moonstar
36.4%
Northstar
Jean-Paul Beaubier
29.6%
Mimic
Calvin Rankin
28.8%
Quiz Playlist
Details
Report
Send in Message
Add To Playlist
Classic:
Type in answers that appear in a list
Last Updated: Feb 16, 2017
Quiz Scoreboard
CHALLENGE
Sign Up to Join the Scoreboard
Show All
Scores
Hide
Comments
May contain spoilers
Recently Published
College Basketball Coaching Resumes
by pancakes188
Sports
9m
Billboard Blitz: Fleetwood Mac
by CooCooCachoo
Music
15s
Presidents Visiting Landmarks
by Hejman
History
7m
More to Explore
Quiz From the Vault
Featured Blog Post
Where Did the Easter Bunny Come From?
hide this ad
You Might Also Like...
Tags
appearance
Identity
secret
X-Men
X-Men Secret
Today's Top Quizzes in Entertainment
Browse Entertainment
hide this ad
Today's Top Quizzes in Identity
Browse Identity
Top Contributed Quizzes in Entertainment
1
7-to-1: DC Comics Villains
2
Marvel Characters Bunker
3
Eurovision 2023 Logic Puzzle
4
Dragon Ball Z: Goku's Fights in Order
5
Criteria Quickie: Cartoon Taxonomy II
6
Sorting Pictures: Villains
7
Kamen Rider Motifs
8
Mini Trivia Sudoku: Musicals
9
Fictional Villains Letter U Blitz
10
7-to-1: One Piece
Explore More
Trending Topics
Disney
Kpop
Harry Potter
Crossword
Marvel
Anime
NBA
NFL
Puzzle
WWE
Song
The Office
Pokémon
Soccer
Country
hide this ad
More By:
mcmbasketballb
Quiz
Plays
Rating
Category
Featured
Created
X-men's Secret Identities
845
4.17
Entertainment
Jan 4, 2010
Go to Creator's Profile
Score Distribution
Quiz Creator Spotlight
mcmbasketballb
Follow
Send a Message
Quizzes Created
-
Created Quiz Play Count
-
More By This Creator
Popular Quizzes Today
1
Find the US States - No Outlines Minefield
2
Find the Countries of Europe - No Outlines Minefield
3
The Countries of the World
4
Find the US States
5
Risky Map Clicking: Biggest States A-Z
6
US States
7
Popular People in 1961
8
Movies - When Are They Set?
More Entertainment Quizzes
Anime Openings by Dance
Curator's Pick
Trending Quizzes
Risky Map Clicking: Least Populous States A-Z
1-10 Letter G Words
1-10 Letter F Words
Risky Map Clicking: Next State Alphabetically
Risky Map Clicking: Biggest States A-Z
Recently Updated
Leaping Animals
pecheneg
Reality TV Shows (A-Z)
bhenderson79
Rickey Henderson's Hall of Fame Teammates
pecheneg
Champions League XIs: Arsenal
pecheneg
Quick Pick: Celebrities in WWE's Hall of Fame
aduchscher
A-Z Keypad Blitz II
pecheneg
Multiple Oscar Actors
pecheneg
Mystery Phrase Blitz: Oscar 'Best Actors'
pecheneg
F. Scott Fitzgerald Novels
LTH
Pick 3 Villains
ddd62291
Trending Topics
Kpop
NBA
Crossword
Harry Potter
Disney
Anime
Marvel
Country
The Office
Pokémon
NFL
Puzzle
Soccer
WWE
Song
Your Account Isn't Verified!
In order to create a playlist on Sporcle, you need to verify the email address you used during registration. Go to your
Sporcle Settings
to finish the process.
Report this User
Report this user for behavior that violates our
Community Guidelines
.
Details:
Send Report
Go to the Sporcle.com Mobile Site →
Comments